LEADER 00811nam a2200205 i 4500 001 000000033648 003 CaOOAMICUS 005 20180830125450.0 008 180830s1967 it u000 u ita u 040 $aSeMil$bita 245 12$aL'Unione Sovietica. 260 $aRoma ; Milano :$bC.E.I. Compagnia Edizioni Internazionali,$c1967. 300 $a2 v. ;$c31 cm + cartella 6 c. di tav. rip. :$bill. 500 $aIn cofanetto. 650 4$aUnione Sovietica.$0(OLS)http://semarc/subject/7687 773 0 $tPianeta.$dRoma ; Milano : C.E.I. Compagnia Edizioni Internazionali, 1967.$w()33647 774 0 $t1.$w()194199 774 0 $t2.$w()253037 996 $6245$aL'Unione Sovietica$9(OLS)http://semarc/title/402151 996 $6260$aRoma ; Milano :$bC.E.I. Compagnia Edizioni Internazionali$9(OLS)http://semarc/publisher/33102 LEADER 01022nam a2200265 i 4500 001 000000186939 003 CaOOAMICUS 005 20100308000000.0 008 100308s2005 it u000 u ita u 013 $a164996 020 $a88-86527-91-2 040 $aSeMil$bita 100 1 $a?pidlík, Thomá?,$c.$0(OLS)http://semarc/name/5014 245 12$aL'eucarestia :$bfarmaco d'immortalitŕ /$cTomás Spidlík. 260 $aRoma :$bLipa,$c2005. 300 $a93 p. ;$c21 cm. 490 0 $aSotto il tiglio ;$v13 650 4$aEucaristia.$0(OLS)http://semarc/subject/3487 830 0$aSotto il tiglio ;$v13.$0(OLS)http://semarc/title/7926 850 $aSeMil 852 $aSeMil$W1$xVenegono$y1$m3F III 441$j137626$B137626$CSeMilBibl$Z2$F150288 $81 961 $aOmaggio: Altro 996 $6020$a88-86527-91-2$9(OLS)http://semarc/number/177275 996 $6245$aL'eucarestia :$bfarmaco d'immortalitŕ$9(OLS)http://semarc/title/268857 996 $6260$aRoma :$bLipa$9(OLS)http://semarc/publisher/31573